000 01004nam2a2200241 4500
001 RU\NLR\BIBL_A\012292249
005 20250624011213.0
035 _a(NLR Aleph) 012292249
090 _a11275383
_c11275383
100 _a20200713j18700328|||y0rusy50 ca
101 0 _arus
102 _aRU
135 _acrgn 008anbba
200 0 _aГ. 8 1870, № 87 (28 марта)
210 _d1870
_aБ. м.
325 1 _aКопия доступна в электронной библиотеке РНБ
461 0 _1001RU\NLR\DRGNLR\581
_12001#$aВесть$vГ. 8 1870, № 87 (28 марта)
_910630924
_cСПб
_d1862 - 1870
_fЗа ред. А.Степанов
_tВесть
_vГ. 8 1870, № 87 (28 марта)
901 _eГазеты
942 _cISSNP
980 _aNB
981 2 7 _a(27) Периодические издания
_b(27) Газеты